|
|
|
|
| LEADER |
00000nam0a2200000 4500 |
| 001 |
352744 |
| 005 |
20231102010528.0 |
| 035 |
|
|
|a (RuTPU)RU\TPU\retro\9510
|
| 090 |
|
|
|a 352744
|
| 100 |
|
|
|a 20200204d1949 k y0rusy50 ca
|
| 101 |
0 |
|
|a rus
|a uzb
|
| 102 |
|
|
|a UZ
|
| 105 |
|
|
|a y z 000zy
|
| 200 |
1 |
|
|a 4. О периодической (стадийной) зональности пустынно-континентальных фациальных ландшафтов Средней Азии
|e (очерки литологии)
|e [оттиск статьи]
|f В. И. Попов
|
| 210 |
|
|
|a Ташкент
|d 1949
|
| 215 |
|
|
|a С. 39-43
|
| 225 |
1 |
|
|a Бюллетень Среднеазиатского Государственного Университета
|v Вып. 27
|
| 316 |
|
|
|5 63413507: ШкА/671
|a На с. 39 дарственная надпись: "В библиотеку Томского Политехнического Института. автор"
|
| 606 |
1 |
|
|a Зоны структурно-фациальные
|2 stltpush
|3 (RuTPU)RU\TPU\subj\11915
|9 38789
|
| 610 |
1 |
|
|a коллекция ТПУ
|
| 610 |
1 |
|
|a оттиски
|
| 610 |
1 |
|
|a дарственные надписи
|
| 610 |
1 |
|
|a дары автора
|
| 610 |
1 |
|
|a дары библиотеке
|
| 610 |
1 |
|
|a литологические исследования
|
| 610 |
1 |
|
|a диалектический материализм
|
| 610 |
1 |
|
|a почвенные исследования
|
| 610 |
1 |
|
|a осадкообразование
|
| 610 |
1 |
|
|a климатические условия
|
| 675 |
|
|
|a 551.262
|v 4
|
| 700 |
|
1 |
|a Попов
|b В. И.
|
| 801 |
|
1 |
|a RU
|b 63413507
|c 20200204
|
| 942 |
|
|
|c BK
|